অন্ধকারের উৎস হতে : (Record no. 57786)
[ view plain ]
| 000 -LEADER | |
|---|---|
| fixed length control field | 00719nam a22001937a 4500 |
| 001 - CONTROL NUMBER | |
| control field | 57786 |
| 005 - DATE AND TIME OF LATEST TRANSACTION | |
| control field | 20260429181615.0 |
| 008 - FIXED-LENGTH DATA ELEMENTS--GENERAL INFORMATION | |
| fixed length control field | 260429b |||||||| |||| 00| 0 eng d |
| 020 ## - INTERNATIONAL STANDARD BOOK NUMBER | |
| ISBN | 9789849590767 |
| 040 ## - CATALOGING SOURCE | |
| Original cataloging agency | BD-DhIUB |
| Transcribing agency | BD-DhIUB |
| Modifying agency | BD-DhIUB |
| 082 ## - DEWEY DECIMAL CLASSIFICATION NUMBER | |
| Edition number | 22 |
| Classification number | 338.95492 |
| Item number | K452o |
| 100 ## - MAIN ENTRY--PERSONAL NAME | |
| Personal name | Khan, Akbar Ali |
| Dates associated with a name | 1944- |
| 9 (RLIN) | 4337 |
| 245 ## - TITLE STATEMENT | |
| Title | অন্ধকারের উৎস হতে : |
| Remainder of title | সাহিত্য, সমাজ, পরিবেশ ও অর্থনীতি সম্পর্কে আলোর সন্ধান / |
| Statement of responsibility, etc | আকবর আলি খান |
| 260 ## - PUBLICATION, DISTRIBUTION, ETC. (IMPRINT) | |
| Place of publication, distribution, etc | Dhaka: |
| Name of publisher, distributor, etc | Pathak Shamabesh, |
| Date of publication, distribution, etc | 2022 |
| 300 ## - PHYSICAL DESCRIPTION | |
| Extent | 252p. : |
| Dimensions | 24 cm. |
| 526 ## - STUDY PROGRAM INFORMATION NOTE | |
| School name | Library |
| Shelving Location | General Stacks |
| 650 #0 - SUBJECT ADDED ENTRY--TOPICAL TERM | |
| Topical term or geographic name as entry element | Economics |
| 9 (RLIN) | 6771 |
| 942 ## - ADDED ENTRY ELEMENTS (KOHA) | |
| Source of classification or shelving scheme | Dewey Decimal Classification |
| Koha item type | Books |
| Withdrawn status | Lost status | Source of classification or shelving scheme | Damaged status | Not for loan | Home library | Current library | Shelving location | Date acquired | Source of acquisition | Cost, normal purchase price | Serial Enumeration / chronology | Total Checkouts | Full call number | Barcode | Date last seen | Copy number | Price effective from | Koha item type |
|---|---|---|---|---|---|---|---|---|---|---|---|---|---|---|---|---|---|---|
| Dewey Decimal Classification | Library, Independent University, Bangladesh (IUB) | Library, Independent University, Bangladesh (IUB) | General Stacks | 29/04/2026 | Gift / Donation | 795.00 | 2022 | 338.95492 K452o | G000711 | 29/04/2026 | 01 | 29/04/2026 | Books |